| 000 | 00465nam a2200169Ia 4500 | ||
|---|---|---|---|
| 008 | 260330s2025 xx 000 0 und d | ||
| 020 | _a978-0-07-053246-5 | ||
| 041 | _aeng | ||
| 082 |
_a330 _bRRL |
||
| 100 | _aRAJAN, RAGHURAM/LAMBA ROHIT | ||
| 245 | _aBREAKING THE MODUL REIMAGING INDIA ECONOMIC FUTURE | ||
| 260 |
_bPENGUIN BOOKS LTD. PUNE _c2025 |
||
| 300 |
_a1240pg _bPB |
||
| 365 | _cRs. | ||
| 650 | _aEconomics | ||
| 700 | _aRAJAN, RAGHURAM/LAMBA ROHIT | ||
| 999 |
_c1218382 _d1218382 |
||